[Event "World Rapid 2025"]
[Site "Doha QAT"]
[Date "2025.12.27"]
[Round "7.99"]
[White "Zhang, Zhong"]
[Black "Aziz, Husain"]
[Result "1-0"]
[WhiteTitle "GM"]
[BlackTitle "IM"]
[WhiteElo "2561"]
[BlackElo "2256"]
[WhiteFideId "8600694"]
[BlackFideId "12100293"]
[EventDate "2025.12.26"]

1. e4 e5 2. Nf3 Nc6 3. d4 exd4 4. Bc4 Nf6 5. e5 d5 6. Bb5 Nd7 7. O-O Be7 8. Bxc6
bxc6 9. Nxd4 Nb8 10. Nc3 O-O 11. Qf3 a5 12. b3 Ra6 13. Re1 c5 14. Nf5 Bxf5 15.
Qxf5 Nc6 16. Bf4 Nd4 17. Qd3 Rg6 18. Ne2 Ne6 19. Bd2 c6 20. Qa6 Qd7 21. Qxa5 Nd4
22. Nxd4 cxd4 23. Qa6 h5 24. Qd3 c5 25. h3 Ra8 26. a4 h4 27. Rad1 Qe6 28. Kh1
Bg5 29. f4 c4 30. bxc4 dxc4 1-0

[Event "World Rapid 2025"]
[Site "Doha QAT"]
[Date "2025.12.27"]
[Round "7.100"]
[White "Rodrigue-Lemieux, Shawn"]
[Black "Fandi, Mazen"]
[Result "1/2-1/2"]
[WhiteTitle "GM"]
[BlackTitle "FM"]
[WhiteElo "2517"]
[BlackElo "2304"]
[WhiteFideId "2620049"]
[BlackFideId "7611625"]
[EventDate "2025.12.26"]

1. c4 e5 2. g3 Nf6 3. Bg2 d5 4. cxd5 Nxd5 5. Nf3 Nc6 6. O-O Be7 7. d4 exd4 8.
Nxd4 Nxd4 9. Qxd4 Nf6 10. Qa4+ c6 11. Rd1 Bd7 12. Nc3 O-O 13. Bg5 Qe8 14. Qb3
Rb8 15. Rac1 Be6 16. Qa4 a6 17. e4 h6 18. Be3 Rd8 19. h3 Rxd1+ 20. Rxd1 Qc8 21.
Kh2 Rd8 22. Rc1 b5 23. Qc2 c5 24. Ne2 c4 25. Nf4 Bc5 26. Qc3 Nd7 27. Nxe6 fxe6
28. b3 Bxe3 29. Qxe3 Ne5 30. Bf1 Qd7 31. bxc4 Qd2 32. Qxd2 Rxd2 33. Kg2 Nxc4 34.
Bxc4 bxc4 35. Rxc4 Rxa2 36. Rc7 Kf8 37. Kf3 a5 38. Ke3 a4 39. Ra7 a3 40. f4 Rg2
41. Kf3 Ra2 42. Kg4 Ra1 43. Kh5 a2 44. Kg4 g6 45. e5 Ke8 46. h4 Kd8 47. Ra8+ Kc7
48. Ra6 Kb7 49. Ra3 Kb6 50. Ra8 Kc5 51. Rc8+ Kd4 52. Rd8+ Ke3 53. Ra8 Kd4 54.
Rd8+ Ke3 1/2-1/2

[Event "World Rapid 2025"]
[Site "Doha QAT"]
[Date "2025.12.27"]
[Round "7.101"]
[White "Bharath, Subramaniyam H"]
[Black "Mamedov, Edgar"]
[Result "1-0"]
[WhiteTitle "GM"]
[BlackTitle "GM"]
[WhiteElo "2576"]
[BlackElo "2492"]
[WhiteFideId "46634827"]
[BlackFideId "13739980"]
[EventDate "2025.12.26"]

1. e4 e6 2. d4 d5 3. Nc3 Nf6 4. e5 Nfd7 5. f4 c5 6. dxc5 Nc6 7. Bd2 Nxc5 8. Nf3
Bd7 9. Be3 Qa5 10. Qd2 a6 11. a3 b5 12. Rb1 b4 13. axb4 Qxb4 14. Be2 Ne4 15.
Nxe4 dxe4 16. Nd4 Qxd2+ 17. Kxd2 Nb4 18. Ra1 a5 19. c3 Nd5 20. Ra2 Bc5 21. Rha1
Rb8 22. Bd1 a4 23. Bc2 Nb6 24. Ke2 Nc4 25. Bxe4 Rxb2+ 26. Rxb2 Nxb2 27. Rb1 a3
28. Bc1 a2 29. Ra1 Na4 30. Kd2 O-O 31. Rxa2 f6 32. Nxe6 Bxe6 33. Rxa4 fxe5 34.
fxe5 Rd8+ 35. Kc2 Bg1 36. Bf4 Rd7 37. Ra8+ Kf7 38. Bxh7 Bg4 39. Bd3 Be6 40. Ra6
Rb7 41. Be4 Rc7 42. h3 Rc8 43. h4 Rc7 44. g3 Bf2 45. h5 Bg4 46. Bd5+ Ke7 47.
Bg5+ Ke8 48. e6 Bf5+ 49. Kd2 Bxg3 50. Ra8+ 1-0

[Event "World Rapid 2025"]
[Site "Doha QAT"]
[Date "2025.12.27"]
[Round "7.102"]
[White "Peyrer, Konstantin"]
[Black "Ammar, Sedrani"]
[Result "1-0"]
[WhiteTitle "IM"]
[BlackTitle "FM"]
[WhiteElo "2496"]
[BlackElo "2203"]
[WhiteFideId "1640879"]
[BlackFideId "9312331"]
[EventDate "2025.12.26"]

1. e4 c6 2. Nf3 d5 3. d3 Nd7 4. Nc3 e6 5. g3 Bd6 6. Bg2 Ngf6 7. O-O O-O 8. Qe2
e5 9. Nh4 dxe4 10. dxe4 Re8 11. Rd1 Qc7 12. Nf5 Bf8 13. a4 a5 14. g4 Nc5 15. g5
Nfd7 16. Qh5 Ne6 17. Rd3 Bc5 18. Rh3 Ndf8 19. Ne2 Nf4 20. Nxf4 exf4 21. Bd2 Bd6
22. Nxd6 Qxd6 23. Rd3 Qc7 24. Qe2 Be6 25. b3 Red8 26. Bc3 Ng6 27. Rad1 Re8 28.
Qd2 Qe7 29. h4 f3 30. Bxf3 Nxh4 31. Qf4 Ng6 32. Qe3 Nh4 33. Bh1 Red8 34. f4 Bg4
35. Rf1 Rxd3 36. cxd3 Nf5 37. Qf2 Nd6 38. Qg3 Bd7 39. f5 Ne8 40. e5 Bc8 41. e6
f6 42. gxf6 Nxf6 43. Be5 Ra6 44. Kh2 Rb6 45. d4 c5 46. d5 Rb4 47. Bf3 Rxb3 48.
d6 Qf8 49. e7 Qf7 50. Bxf6 1-0

[Event "World Rapid 2025"]
[Site "Doha QAT"]
[Date "2025.12.27"]
[Round "7.103"]
[White "Harikrishnan, A. Ra"]
[Black "Christiansen, Johan-Sebastian"]
[Result "0-1"]
[WhiteTitle "GM"]
[BlackTitle "GM"]
[WhiteElo "2531"]
[BlackElo "2655"]
[WhiteFideId "5081483"]
[BlackFideId "1512668"]
[EventDate "2025.12.26"]

1. Nf3 d5 2. g3 Nd7 3. d4 Nb6 4. Nc3 Bf5 5. Nh4 Bg4 6. Bg2 e6 7. O-O Be7 8. Nf3
Nf6 9. Ne5 Bh5 10. Qd3 O-O 11. e4 c6 12. exd5 cxd5 13. Ne2 Rc8 14. Nf4 Bg6 15.
Nexg6 hxg6 16. c3 Nc4 17. h4 b5 18. a3 a5 19. Qe2 Qb6 20. Bf3 Rfe8 21. Kg2 b4
22. axb4 axb4 23. h5 gxh5 24. Nxh5 bxc3 25. Nxf6+ Bxf6 26. bxc3 Nd6 27. Ra6 Qd8
28. Bd2 Nc4 29. Bf4 Bg5 30. Bxg5 Qxg5 31. Rh1 g6 32. Bg4 Rb8 33. Ra2 Rb3 34. Qf3
Nd6 35. Ra7 Rb2 36. Rd7 Rd8 37. Rc7 f5 38. Rhh7 Ne8 0-1

[Event "World Rapid 2025"]
[Site "Doha QAT"]
[Date "2025.12.27"]
[Round "7.104"]
[White "Kuandykuly, Danis"]
[Black "Stefansson, Vignir Vatnar"]
[Result "0-1"]
[WhiteTitle "FM"]
[BlackTitle "GM"]
[WhiteElo "2372"]
[BlackElo "2519"]
[WhiteFideId "13752260"]
[BlackFideId "2308649"]
[EventDate "2025.12.26"]

1. e4 e6 2. d4 d5 3. Nd2 h6 4. Ngf3 Nf6 5. e5 Nfd7 6. c3 c5 7. a3 c4 8. b3 cxb3
9. c4 Nc6 10. cxd5 exd5 11. Nxb3 Nb6 12. Bd3 Be7 13. O-O Be6 14. Re1 Nc4 15.
Nbd2 b5 16. a4 b4 17. Nf1 N6a5 18. Ng3 g6 19. Ne2 g5 20. Ng3 Qd7 21. Nh5 O-O-O
22. Nf6 Qc7 23. Rb1 Kb8 24. Bd2 Nc6 25. h3 Ka8 26. Qe2 Bxf6 27. exf6 Qd6 28. Be3
Rb8 29. Nd2 N6a5 30. Red1 Rhc8 31. Nf3 b3 32. h4 g4 33. Ne5 Nxe5 34. dxe5 Qxe5
35. Qd2 Nc4 36. Bxc4 Rxc4 37. Bxa7 Rbb4 38. Bc5 Rxa4 39. Be7 Rc2 40. Qd3 g3 41.
Qxb3 gxf2+ 42. Kh1 Rxh4+ 0-1

[Event "World Rapid 2025"]
[Site "Doha QAT"]
[Date "2025.12.27"]
[Round "7.105"]
[White "Akobian, Varuzhan"]
[Black "Wafa, Hamed"]
[Result "1-0"]
[WhiteTitle "GM"]
[BlackTitle "IM"]
[WhiteElo "2549"]
[BlackElo "2373"]
[WhiteFideId "13300580"]
[BlackFideId "10628452"]
[EventDate "2025.12.26"]

1. d4 Nf6 2. c4 b6 3. a3 e6 4. Nc3 Bb7 5. Nf3 Ne4 6. Nxe4 Bxe4 7. Bf4 Be7 8. e3
d6 9. Bd3 Bxd3 10. Qxd3 Nd7 11. O-O O-O 12. Rfd1 Bf6 13. Qe4 Re8 14. Qc6 e5 15.
Bg3 exd4 16. exd4 Nf8 17. b4 Qd7 18. Qd5 Ng6 19. Rac1 Rad8 20. Qb7 Qa4 21. Rd3
Rd7 22. b5 Rde7 23. h4 h6 24. Qa6 Qxa6 25. bxa6 Rd7 26. Rcd1 Ne7 27. Ne5 Rdd8
28. Ng4 Nc6 29. Nxf6+ gxf6 30. c5 Nb8 31. cxd6 cxd6 32. Rf3 Kg7 33. h5 Re4 34.
Rf5 Nxa6 35. f3 Re6 36. d5 Re2 37. Bh4 Rc8 38. Bxf6+ Kg8 39. Rf4 Nc5 40. Rg4+
Kf8 41. Rdd4 Nd7 42. Bg7+ Ke7 43. Rde4+ Rxe4 44. Rxe4+ Ne5 45. Bxh6 Kf6 46. Rf4+
Ke7 47. Bg7 Nd7 48. Re4+ Ne5 49. h6 f5 50. Rxe5+ dxe5 51. Bxe5 1-0

[Event "World Rapid 2025"]
[Site "Doha QAT"]
[Date "2025.12.27"]
[Round "7.106"]
[White "Dau Khuong Duy"]
[Black "Yilmaz, Mustafa"]
[Result "1/2-1/2"]
[WhiteTitle "IM"]
[BlackTitle "GM"]
[WhiteElo "2489"]
[BlackElo "2595"]
[WhiteFideId "12424722"]
[BlackFideId "6302718"]
[EventDate "2025.12.26"]

1. e4 c5 2. Nf3 d6 3. c3 Nf6 4. Be2 g6 5. O-O Bg7 6. Bb5+ Nc6 7. d4 O-O 8. d5 a6
9. Bd3 Na5 10. Nbd2 b5 11. Rb1 e6 12. b4 Nb7 13. dxe6 Bxe6 14. a3 d5 15. Re1 Re8
16. h3 Qc7 17. e5 Nd7 18. Nf1 Nxe5 19. Bf4 Nxf3+ 20. Qxf3 Qd7 21. Be5 Bxe5 22.
Rxe5 c4 23. Bc2 Nd8 24. Ne3 Nc6 25. Rxd5 Bxd5 26. Nxd5 Ne5 27. Nf6+ Kg7 28. Nxd7
Nxf3+ 29. gxf3 Rad8 30. Nc5 f5 31. Kf1 Rd2 32. Bd1 Ra2 33. a4 Kf6 34. Nxa6 bxa4
35. b5 a3 36. b6 Rd2 37. b7 a2 38. Ra1 Red8 39. b8=Q Rxd1+ 40. Rxd1 Rxd1+ 41.
Ke2 a1=Q 42. Qf8+ Kg5 43. Qe7+ Kh6 44. Qh4+ Kg7 45. Qe7+ 1/2-1/2

[Event "World Rapid 2025"]
[Site "Doha QAT"]
[Date "2025.12.27"]
[Round "7.107"]
[White "Murshed, Niaz"]
[Black "George Samir, David"]
[Result "0-1"]
[WhiteTitle "GM"]
[BlackTitle "IM"]
[WhiteElo "2341"]
[BlackElo "2343"]
[WhiteFideId "10200010"]
[BlackFideId "10657789"]
[EventDate "2025.12.26"]

1. d4 Nf6 2. c4 e6 3. Nf3 c5 4. d5 b5 5. Bg5 h6 6. Bxf6 Qxf6 7. Nc3 b4 8. Nb5
Na6 9. e4 e5 10. Bd3 Be7 11. Bc2 d6 12. a3 O-O 13. O-O Bd8 14. Ne1 bxa3 15. Rxa3
Bb6 16. Nc3 Nb4 17. Ba4 Qg6 18. Bc2 Bd7 19. Bb1 h5 20. Ne2 h4 21. Kh1 Bd8 22. h3
Qh6 23. Nf3 a6 24. Nh2 Kh8 25. Ng1 Bg5 26. Ng4 Qh5 27. Qf3 g6 28. Re1 f5 29.
exf5 Bxf5 30. Bxf5 Rxf5 31. Qe2 Raf8 32. Nf3 Bd8 33. Nd2 Rf4 34. Ne4 Be7 35. Kh2
Qh7 36. Rg1 Qf7 37. g3 hxg3+ 38. fxg3 Rf3 39. Rg2 Qf5 40. Nh6 Qh5 41. Ng4 Qf5
42. Nh6 Qh5 43. Rxf3 Qxf3 44. Qxf3 Rxf3 45. Re2 Kg7 46. Kg2 Rb3 47. Ng4 Nd3 48.
Ne3 Nxb2 49. Nd2 Rb6 50. Ne4 a5 51. Nc3 Bg5 52. Ncd1 Bxe3 53. Rxb2 Rxb2+ 54.
Nxb2 Bd4 55. Na4 e4 56. g4 g5 57. Kg3 Kf6 58. Nb6 Bc3 59. Kf2 Ke5 60. Ke3 Bd4+
61. Ke2 Kf4 0-1

[Event "World Rapid 2025"]
[Site "Doha QAT"]
[Date "2025.12.27"]
[Round "7.108"]
[White "Musovic, Armin"]
[Black "Halkias, Stelios"]
[Result "0-1"]
[WhiteTitle "FM"]
[BlackTitle "GM"]
[WhiteElo "2190"]
[BlackElo "2503"]
[WhiteFideId "939935"]
[BlackFideId "4201809"]
[EventDate "2025.12.26"]

1. a3 g6 2. Nc3 Bg7 3. e4 c5 4. Bc4 Nc6 5. d3 e6 6. Bf4 d6 7. Nge2 a6 8. Ba2 Nf6
9. Qd2 O-O 10. O-O d5 11. exd5 Nxd5 12. Bg5 Bf6 13. h4 Be7 14. Ne4 Nf6 15. N2g3
Nd4 16. Nxf6+ Bxf6 17. Ne4 Be7 18. Rae1 b6 19. c3 Nf5 20. Qf4 Bb7 21. Bxe7 Qxe7
22. Ng5 Rae8 23. Re5 Qd7 24. Rfe1 Qxd3 25. Bb1 Qd7 26. Ba2 Qc6 27. f3 Kg7 28.
Bxe6 f6 29. Nf7 Rxf7 30. Bxf7 Rxe5 31. Rxe5 fxe5 32. Qxe5+ Kxf7 33. h5 Qd6 34.
Qh8 Qd1+ 35. Kh2 Qd6+ 36. Kg1 gxh5 37. Qxh7+ Ng7 38. Qh8 Bxf3 39. Qc8 Qd1+ 40.
Kh2 Qd6+ 41. Kg1 Bg4 42. Qxa6 Nf5 43. a4 Kg6 44. Qc8 Qd1+ 45. Kh2 Qd6+ 46. Kg1
h4 47. Qe8+ Kg5 48. Qg8+ Kf4 49. Qc4+ Kg3 50. Qf1 Qd2 51. Kh1 Qd1 52. Kg1 Qxf1+
53. Kxf1 Ne3+ 54. Ke1 Nxg2+ 55. Kd2 h3 56. b4 cxb4 57. cxb4 h2 58. a5 bxa5 59.
bxa5 h1=Q 60. a6 Qe1+ 61. Kd3 Bf5+ 62. Kd4 Qe3+ 63. Kd5 Nf4+ 64. Kc6 Qe6+ 65.
Kb5 Bd3+ 66. Kc5 Qd5+ 67. Kb6 Qd6+ 68. Kb7 Nd5 69. a7 Qc7+ 0-1

[Event "World Rapid 2025"]
[Site "Doha QAT"]
[Date "2025.12.27"]
[Round "7.77"]
[White "Drygalov, Sergey"]
[Black "Tissir, Mohamed"]
[Result "1-0"]
[WhiteTitle "GM"]
[BlackTitle "IM"]
[WhiteElo "2571"]
[BlackElo "2293"]
[WhiteFideId "24171743"]
[BlackFideId "9000240"]
[EventDate "2025.12.26"]

1. d4 Nf6 2. c4 g6 3. Nc3 Bg7 4. e4 O-O 5. Nf3 d6 6. Be2 e5 7. O-O Nbd7 8. Be3
c6 9. d5 c5 10. h3 Kh8 11. g4 Ng8 12. Qd2 a6 13. Kh2 f5 14. gxf5 gxf5 15. Bg5
Ndf6 16. exf5 Bxf5 17. Nh4 Qd7 18. Qe3 Ne7 19. Rg1 Ng6 20. Rg3 Rae8 21. Rag1
Nxh4 22. Bxh4 Bg6 23. Kh1 Rf7 24. Rxg6 hxg6 25. Rxg6 Qf5 26. Rg1 Qf4 27. Qxf4
exf4 28. Bd3 Re5 29. Bg6 Rfe7 30. Bg5 f3 31. Bf4 Re1 32. Bxd6 Rxg1+ 33. Kxg1
Re1+ 34. Kh2 Nd7 35. Bf5 Ne5 36. Kg3 Nxc4 37. Bxc5 Be5+ 38. Kxf3 Nxb2 39. Ne4
Nd3 40. Be7 Kg7 41. d6 Nb4 42. d7 Nc6 43. d8=Q Nxd8 44. Bxd8 Ra1 45. Be6 Rd1 46.
Bb6 Rb1 47. Bb3 Rc1 48. h4 Kg6 49. Ng3 Rc6 50. Be3 b5 51. h5+ Kh7 52. Ne4 a5 53.
Ng5+ Kg7 54. h6+ Kg6 55. h7 Bg7 56. Bf7+ Kf5 57. Bd5 Rc3 58. Be4+ Kf6 59. Kg4
Rc4 60. f4 Ke7 61. Bd5 Rc3 62. Ne6 Bh8 63. Bd4 Rc8 64. Bxh8 Rxh8 65. Ng5 Kf6 66.
Bg8 b4 67. Ne4+ Ke7 68. Nc5 Kf6 69. f5 Kg7 70. Kg5 1-0

[Event "World Rapid 2025"]
[Site "Doha QAT"]
[Date "2025.12.27"]
[Round "7.78"]
[White "Abdilkhair, Abilmansur"]
[Black "Lobanov, Sergei"]
[Result "0-1"]
[WhiteTitle "IM"]
[BlackTitle "GM"]
[WhiteElo "2378"]
[BlackElo "2527"]
[WhiteFideId "13716417"]
[BlackFideId "24183750"]
[EventDate "2025.12.26"]

1. e4 e5 2. Nf3 Nc6 3. d4 exd4 4. Nxd4 Bc5 5. Nb3 Bb4+ 6. c3 Be7 7. f4 d6 8. Bd3
Nh6 9. O-O O-O 10. N1d2 f5 11. Nf3 Kh8 12. h3 fxe4 13. Bxe4 Nf5 14. Kh2 Be6 15.
Bd2 d5 16. Bd3 Bd6 17. Qc2 Qf6 18. Rae1 Bd7 19. Bc1 a5 20. Qf2 b6 21. a4 g5 22.
Bxf5 Bxf5 23. Nbd4 Nxd4 24. Qxd4 Qxd4 25. Nxd4 Bd3 26. Rf2 gxf4 27. Ne6 Rae8 28.
Rf3 Bc2 29. Bd2 Rf6 30. Nd4 Bxa4 31. Ra1 Bd7 32. c4 c5 33. Nb5 Bxb5 34. cxb5 Re2
35. Be1 d4 36. Bf2 Kg8 37. Re1 Rxe1 38. Bxe1 Re6 39. Bh4 Re2 40. b3 Re3 0-1

[Event "World Rapid 2025"]
[Site "Doha QAT"]
[Date "2025.12.27"]
[Round "7.79"]
[White "Khubukshanov, Erdem"]
[Black "Medhus, Vitus Bondo"]
[Result "1-0"]
[WhiteTitle "IM"]
[BlackTitle "FM"]
[WhiteElo "2502"]
[BlackElo "2387"]
[WhiteFideId "54114527"]
[BlackFideId "1462547"]
[EventDate "2025.12.26"]

1. e4 c5 2. Nf3 g6 3. d4 cxd4 4. Nxd4 Nc6 5. c4 Nf6 6. Nc3 d6 7. Be2 Nxd4 8.
Qxd4 Bg7 9. Be3 O-O 10. Qd3 a5 11. O-O a4 12. f4 Bg4 13. Bd4 Bxe2 14. Qxe2 Nd7
15. Bxg7 Kxg7 16. Kh1 Qa5 17. Rad1 Rfc8 18. e5 Nb6 19. exd6 exd6 20. Ne4 Nxc4
21. Qd3 Qb6 22. Qc3+ Ne5 23. Qh3 Nc4 24. f5 Qe3 25. Qh4 Rc7 26. Rde1 Qd4 27. f6+
Kf8 28. Qxh7 Ke8 29. Nc5+ 1-0

[Event "World Rapid 2025"]
[Site "Doha QAT"]
[Date "2025.12.27"]
[Round "7.80"]
[White "Suyarov, Mukhammadzokhid"]
[Black "Smirnov, Mark"]
[Result "1-0"]
[WhiteTitle "IM"]
[BlackTitle "FM"]
[WhiteElo "2454"]
[BlackElo "2420"]
[WhiteFideId "14210495"]
[BlackFideId "13764594"]
[EventDate "2025.12.26"]

1. e4 d6 2. d4 Nf6 3. Nc3 e5 4. Nf3 Nbd7 5. Bc4 Be7 6. a4 c6 7. Ba2 O-O 8. O-O
a5 9. Re1 exd4 10. Nxd4 Nc5 11. Bf4 Be6 12. e5 dxe5 13. Nxe6 Nxe6 14. Bxe5 Qxd1
15. Nxd1 Rfd8 16. Ne3 Nd7 17. Bc3 Bf6 18. Bxf6 Nxf6 19. Bxe6 fxe6 20. Nc4 Kf7
21. f3 Nd5 22. Kf2 Kf6 23. Re4 b5 24. Ne5 Nb4 25. Re2 Rd5 26. f4 bxa4 27. Nf3
Rc5 28. c3 Nd3+ 29. Ke3 Rd5 30. Rxa4 Rb8 31. c4 Rdd8 32. Rxa5 Nxb2 33. Kf2 Nxc4
34. Rc5 Nd6 35. Ng5 Re8 36. Nxh7+ Kg6 37. Ng5 Rbc8 38. g4 Nf7 39. Nxe6 Nd6 40.
Kf3 Kf6 41. g5+ Kf7 42. f5 Nb7 43. Rce5 c5 44. g6+ Kf6 45. Kf4 Rh8 46. Nf8 Rh4+
47. Kg3 Rxh2 48. Nd7+ 1-0

[Event "World Rapid 2025"]
[Site "Doha QAT"]
[Date "2025.12.27"]
[Round "7.81"]
[White "Stribuk, Artiom"]
[Black "Berend, Fred"]
[Result "0-1"]
[WhiteTitle "IM"]
[BlackTitle "IM"]
[WhiteElo "2476"]
[BlackElo "2213"]
[WhiteFideId "13515659"]
[BlackFideId "4000102"]
[EventDate "2025.12.26"]

1. c4 Nf6 2. g3 e6 3. Bg2 d5 4. Nf3 dxc4 5. Qa4+ Nbd7 6. Qxc4 a6 7. Qc2 c5 8.
Nc3 Ra7 9. O-O b5 10. d3 Bd6 11. a4 b4 12. Ne4 Nxe4 13. dxe4 O-O 14. Rd1 Qc7 15.
Nd2 Ne5 16. f4 Nc6 17. Nc4 Be7 18. e3 Rd8 19. a5 Rxd1+ 20. Qxd1 Qd8 21. Qc2 Rd7
22. Bd2 f6 23. b3 Qf8 24. Nb6 Rd8 25. Nxc8 Rxc8 26. Bf1 Nb8 27. Bc4 Rc6 28. f5
Qc8 29. Bxe6+ Rxe6 30. Qc4 Kf7 31. e5 Nc6 32. exf6 Bxf6 33. Ra2 Ne5 34. fxe6+
Qxe6 35. Qxe6+ Kxe6 36. Kf1 Kd5 37. Ke2 Kc6 38. Bc1 Kb5 39. Bb2 Nc6 40. Bxf6
gxf6 41. Kd3 Nxa5 42. Rf2 Nxb3 43. Rxf6 a5 44. Rf8 a4 45. Rb8+ Kc6 46. Kc2 Na5
47. e4 a3 48. Ra8 Nc4 49. h4 h5 50. Rc8+ Kd6 51. Rd8+ Kc7 52. Ra8 Kb6 53. Rb8+
Kc7 54. Ra8 Kb7 55. Ra4 Kb6 56. Ra8 Kb7 57. Ra4 Kb6 58. Ra8 Kc6 59. Ra7 Kb5 60.
Ra8 Nb6 61. Ra7 c4 62. e5 b3+ 63. Kb1 Na4 64. Rxa4 Kxa4 65. e6 a2+ 66. Kb2 c3+ 0-1

[Event "World Rapid 2025"]
[Site "Doha QAT"]
[Date "2025.12.27"]
[Round "7.82"]
[White "Shogdzhiev, Roman"]
[Black "Chekh Adm Khedr, Aram"]
[Result "1-0"]
[WhiteTitle "IM"]
[BlackTitle "FM"]
[WhiteElo "2403"]
[BlackElo "2139"]
[WhiteFideId "55653537"]
[BlackFideId "7601948"]
[EventDate "2025.12.26"]

1. e4 c5 2. Nf3 Nc6 3. Bb5 e6 4. Bxc6 bxc6 5. d3 Ne7 6. Nbd2 Ng6 7. h4 h5 8. e5
Qc7 9. Qe2 d5 10. b3 Ba6 11. g3 Qa5 12. c4 Be7 13. Bb2 Bc8 14. O-O Qc7 15. Rfe1
a5 16. a4 Rb8 17. Qe3 f5 18. exf6 gxf6 19. d4 cxd4 20. Qd3 Kf7 21. cxd5 cxd5 22.
Nxd4 Bc5 23. Qc3 Qb6 24. Nxe6 Bxf2+ 25. Kh2 d4 26. Nxd4 Ne5 27. Rxe5 fxe5 28.
Qf3+ Qf6 29. Qxf6+ Kxf6 30. Rf1 Kg6 31. Nc6 Bb7 32. Nxb8 Be3 33. Nd7 Re8 34.
Nxe5+ Kh6 35. Ndc4 1-0

[Event "World Rapid 2025"]
[Site "Doha QAT"]
[Date "2025.12.27"]
[Round "7.83"]
[White "Assylov, Miras"]
[Black "Grafl, Florian"]
[Result "1-0"]
[WhiteTitle "FM"]
[BlackTitle "IM"]
[WhiteElo "2393"]
[BlackElo "2343"]
[WhiteFideId "13728873"]
[BlackFideId "4645715"]
[EventDate "2025.12.26"]

1. e4 c5 2. Nf3 g6 3. c3 d5 4. e5 Bg4 5. d4 cxd4 6. cxd4 Nc6 7. Bb5 Rc8 8. O-O
Qb6 9. Nc3 e6 10. Be3 Ne7 11. a4 a6 12. a5 Qa7 13. Ba4 Nf5 14. h3 Bxf3 15. Qxf3
Be7 16. g4 Nxe3 17. fxe3 O-O 18. Bc2 Nb4 19. Bb3 f6 20. exf6 Bxf6 21. Qe2 Qb8
22. Rf3 Bg7 23. Raf1 Nc6 24. h4 Rxf3 25. Rxf3 Rf8 26. h5 Qd8 27. Rxf8+ Bxf8 28.
hxg6 hxg6 29. Qf3 Qg5 30. Nxd5 exd5 31. Bxd5+ Kh7 32. Bxc6 bxc6 33. Qxf8 Qxe3+
34. Qf2 Qg5 35. Qh2+ Kg8 36. Qb8+ Kh7 37. Qc7+ Kg8 38. Qxc6 Qxg4+ 39. Kf1 Qd1+
40. Kg2 Qe2+ 41. Kg3 Qe3+ 42. Kg2 Qe2+ 43. Kh3 Qe3+ 44. Kg4 Qg1+ 45. Kf4 Qh2+
46. Kg5 Qh5+ 47. Kf6 Qf5+ 48. Ke7 Kh7 49. d5 Kg7 50. Qc3+ Kg8 51. d6 Qf7+ 52.
Kd8 Qd5 53. Qf6 Kh7 54. d7 Qa8+ 55. Ke7 Qe4+ 56. Kf8 1-0

[Event "World Rapid 2025"]
[Site "Doha QAT"]
[Date "2025.12.27"]
[Round "7.84"]
[White "Sapenov, Daniyal"]
[Black "Rami, Talab"]
[Result "1-0"]
[WhiteTitle "IM"]
[WhiteElo "2440"]
[BlackElo "2173"]
[WhiteFideId "13728911"]
[BlackFideId "7609787"]
[EventDate "2025.12.26"]

1. e4 c6 2. Nf3 d5 3. exd5 cxd5 4. Ne5 Nc6 5. d4 Nf6 6. Bb5 Bd7 7. Nxd7 Qxd7 8.
O-O a6 9. Be2 g6 10. c3 Bg7 11. Nd2 O-O 12. Nf3 Ne4 13. Re1 b5 14. Bd3 Nd6 15.
Bf4 b4 16. Ne5 Qb7 17. Nxc6 Qxc6 18. Rxe7 bxc3 19. bxc3 Nb5 20. Bxb5 Qxb5 21.
Qb3 Rfc8 22. Re3 h5 23. h3 Rc4 24. Rb1 Qc6 25. Rf3 Rc8 26. Bd2 Bf8 27. Qb7 Rc7
28. Qxc6 R4xc6 29. Rb8 Kg7 30. Re3 Rc8 31. Rb7 Bd6 32. Re1 R8c7 33. Rxc7 Rxc7
34. Rb1 Rc6 35. Kf1 Kf6 36. Ke2 Ke6 37. Kd3 Bc7 38. Rb4 Ba5 39. Ra4 Bc7 40. c4
Bd8 41. c5 Bc7 42. Rb4 Kd7 43. Rb1 Re6 44. Be3 Kc6 45. g3 Re8 46. Bf4 Ba5 47.
Be5 f6 48. Bf4 Rd8 49. Rb3 Re8 50. Rb2 Re7 51. Rb8 g5 52. Be3 Bc7 53. Rh8 Rf7
54. Rxh5 Rf8 55. Rh6 Kd7 56. h4 gxh4 57. gxh4 Bd8 58. h5 Be7 59. Rh7 Ke6 60. Bf4
Rg8 61. h6 Rg1 62. c6 Rd1+ 63. Ke2 Rxd4 64. c7 Rc4 65. Rxe7+ Kxe7 66. h7 Rxf4
67. c8=Q Re4+ 68. Kd3 Rh4 69. h8=Q Rxh8 70. Qxh8 1-0

[Event "World Rapid 2025"]
[Site "Doha QAT"]
[Date "2025.12.27"]
[Round "7.109"]
[White "Harshavardhan, G B"]
[Black "Gaehwiler, Gabriel"]
[Result "0-1"]
[WhiteTitle "IM"]
[BlackTitle "IM"]
[WhiteElo "2477"]
[BlackElo "2382"]
[WhiteFideId "25059009"]
[BlackFideId "1314530"]
[EventDate "2025.12.26"]

1. d4 Nf6 2. Nf3 g6 3. Bg5 Bg7 4. Nbd2 d5 5. e3 Nbd7 6. Bd3 b6 7. O-O Bb7 8. Qe2
Ne4 9. Bh4 O-O 10. Rfd1 Qe8 11. c4 e6 12. Rac1 c5 13. cxd5 exd5 14. Ba6 Bc6 15.
Nxe4 Qxe4 16. b3 Rfe8 17. Bg3 Qe7 18. Re1 Nf8 19. Ne5 Bb7 20. Bb5 Rec8 21. Qd2
Ne6 22. Bd7 Rd8 23. Bxe6 Qxe6 24. Nd3 c4 25. Nf4 Qd7 26. h4 Rac8 27. h5 Qf5 28.
Qe2 g5 29. Nh3 h6 30. f4 f6 31. fxg5 fxg5 32. Nf2 Re8 33. Be5 Bxe5 34. dxe5 Qxe5
35. Ng4 Qg7 36. Rf1 Rf8 37. bxc4 dxc4 38. Rxf8+ Qxf8 39. Rf1 Qg7 40. Rf6 c3 41.
Qc2 Rc6 42. Nxh6+ Kh8 43. Nf7+ Kg8 44. Rf2 Rf6 45. Nd8 Rxf2 46. Qxf2 Be4 47. Ne6
c2 48. Qd2 Qa1+ 49. Kf2 Qf6+ 0-1

[Event "World Rapid 2025"]
[Site "Doha QAT"]
[Date "2025.12.27"]
[Round "7.110"]
[White "Al Hosani, Omran"]
[Black "Wojtaszek, Radoslaw"]
[Result "1/2-1/2"]
[WhiteTitle "IM"]
[BlackTitle "GM"]
[WhiteElo "2340"]
[BlackElo "2667"]
[WhiteFideId "9308733"]
[BlackFideId "1118358"]
[EventDate "2025.12.26"]

1. e4 c5 2. Nf3 d6 3. d4 cxd4 4. Nxd4 Nf6 5. Nc3 a6 6. h3 e5 7. Nde2 h5 8. Bg5
Be7 9. Qd3 Nbd7 10. O-O-O b5 11. f4 Bb7 12. Ng3 g6 13. h4 exf4 14. Bxf4 Ne5 15.
Qd4 Qc7 16. Be2 Rc8 17. Kb1 Qc5 18. Bg5 Qxd4 19. Rxd4 Nh7 20. Bxe7 Kxe7 21. Rhd1
Rhd8 22. Nf1 Nf6 23. Ne3 Rc5 24. a4 Nc6 25. Ned5+ Nxd5 26. Rxd5 b4 27. Na2 a5
28. Nc1 Ne5 29. R5d4 Rdc8 30. R1d2 Nc4 31. Bxc4 Rxc4 32. Nb3 Bxe4 33. Rxc4 Rxc4
34. Nxa5 Rc8 35. Nb3 Ke6 36. Nd4+ Ke5 37. Ka2 f5 38. Nb5 Bxc2 39. Nxd6 Rc6 40.
Nf7+ Ke4 41. Re2+ Kd3 42. Re7 Kd2 43. Ne5 Rc5 44. Nf3+ Kc1 45. Re1+ Bd1 46. Nd4
Kd2 47. Re6 Bxa4 48. Nb3+ Bxb3+ 49. Kxb3 Rd5 50. Rxg6 Rd4 51. g3 f4 52. gxf4
Rxf4 53. Rg2+ Ke3 54. Rh2 Kf3 55. Rh3+ Kg2 56. Re3 Rxh4 57. Re5 Kg3 58. Ka4 Kf4
59. Rb5 Ke3 60. b3 Kd3 61. Rg5 Kc3 62. Rg3+ Kd2 63. Rg5 Kc3 64. Rg3+ Kc2 65.
Rg2+ Kd3 66. Rg3+ Ke2 67. Rg2+ Kf3 68. Rg5 Kf4 69. Rb5 Rh1 70. Kxb4 h4 71. Rb8
Rg1 72. Rf8+ Kg3 73. Rg8+ Kf2 74. Rh8 Rg4+ 75. Ka5 Kg3 76. b4 h3 77. b5 h2 78.
Rxh2 Kxh2 79. b6 Rg7 80. Ka6 Kg3 81. b7 Rxb7 1/2-1/2